[Event "World Women-ch"]
[Site "Lvov"]
[Date "2016.03.06"]
[Round "4"]
[White "Hou, Yifan"]
[Black "Muzychuk, Mariya"]
[Result "1/2-1/2"]
[WhiteElo "2673"]
[BlackElo "2554"]
[Annotator "Besenthal,K"]
[PlyCount "42"]
[EventDate "2016.03.02"]
[EventType "match"]
[EventRounds "10"]
[EventCountry "UKR"]
[SourceTitle "CBM 172"]
[Source "ChessBase"]
[SourceDate "2016.05.12"]
[SourceVersion "1"]
[SourceVersionDate "2016.05.12"]
[SourceQuality "1"]

1. e4 e5 2. Nf3 Nc6 3. Bb5 a6 4. Ba4 Nf6 5. O-O Nxe4 6. d4 b5 7. Bb3 d5 8. dxe5
Be6 9. c3 ({In der 2. Partie spielte Hou an dieser Stelle} 9. Be3) 9... Be7 {
Diagramm [#]} 10. Bc2 {Ein selten gespielter Zug an dieser Stelle.} (10. Nbd2
Nc5 11. Bc2 d4 {wurde jüngst recht häufig auf höchstem Niveau gespielt -
mit hoher Remisquote.}) 10... Bg4 11. h3 Bh5 12. g4 Bg6 13. Nd4 {Diagramm [#]}
({Einer der Allergrößten spielte bereits vor Jahrzehnten so:} 13. Bb3 Na5 14.
Bxd5 c6 15. Bxe4 Bxe4 16. Qxd8+ Rxd8 17. Nbd2 Bd5 18. Re1 h5 19. Ne4 hxg4 20.
hxg4 Nc4 21. Kg2 Be6 22. b3 Nb6 23. Be3 Nd5 24. Kg3 f6 25. Bc5 f5 26. Nd6+ Bxd6
27. exd6 Kd7 28. Ne5+ Kc8 29. Nxc6 f4+ 30. Kg2 Ne3+ 31. Kg1 Bd5 32. Ne7+ Kd7
33. fxe3 Rh1+ 34. Kf2 Rh2+ 35. Kf1 Bf3 36. Ng6 Be4 37. Ne5+ {1-0 (37) Fischer,
R-Olafsson,F Havana 1966}) 13... Nxd4 ({Auf} 13... Qd7 {spielte ein anderer
Amerikaner unlängst wie folgt:} 14. f4 Nxd4 15. cxd4 f5 16. Be3 O-O 17. Nc3 c6
18. Bxe4 dxe4 19. d5 b4 20. dxc6 Qxd1 21. Nxd1 Rfd8 22. Rc1 Rd3 23. Bc5 Bd8 24.
e6 Rc8 25. e7 Ba5 26. gxf5 Be8 27. Nf2 Rd5 28. Nxe4 Bxc6 29. Bxb4 Bxb4 30. Rxc6
Re8 31. f6 Rd4 32. Re6 {1-0 (32) Caruana,F (2787)-Wei,Y (2706) Wijk aan Zee
2016}) 14. cxd4 h5 15. f3 Ng3 16. Rf2 hxg4 17. Bxg6 Rxh3 18. Qc2 {Diagramm [#]
Eine phantastische Stellung, doch man darf wohl davon ausgehen, dass beide
Spielerinnen sich bereits in der häuslichen Analyse damit befasst hatten.} Bc5
$3 {Dieses weitere Figurenopfer macht der schwarzen Dame den Weg nach h4 frei,
was für die Nachziehende die Partie rettet.} (18... fxg6 19. Qxg6+ Kf8 20.
fxg4+ Kg8 21. Kg2 Rh7 22. Nc3 Ne4 23. Nxe4 dxe4 24. Qxe4 {wäre für Schwarz
verloren.}) 19. Qxc5 $1 {Bringt die weiße Dame in eine starke Position, was
verhindert, dass gar der schwarze Angriff noch durchschlägt.} (19. Be3 Rh1+
20. Kg2 Qh4 {und Schwarz gewinnt.}) 19... Rh1+ 20. Kg2 Rh2+ (20... Qh4 21. Qc6+
Ke7 22. Qxc7+ Ke8 23. Qxf7+ {mit Gewinn für Weiß.}) 21. Kg1 (21. Kxh2 $4 Qh4+
22. Kg2 Qh3+ 23. Kg1 Qh1#) (21. Kxg3 $2 Qh4+ 22. Kf4 gxf3+ 23. Ke3 Qxf2+ 24.
Kd3 Qf1+ $19) 21... Rh1+ 1/2-1/2

[Event "ESP-chT1"]
[Site "Mondariz"]
[Date "2002.09.14"]
[Round "6.1"]
[White "Bologan, Viktor"]
[Black "Korneev, Oleg"]
[Result "1-0"]
[WhiteElo "2684"]
[BlackElo "2600"]
[Annotator "Bologan,V"]
[PlyCount "149"]
[EventDate "2002.09.04"]
[EventType "team"]
[EventRounds "6"]
[EventCountry "ESP"]
[SourceTitle "CBM 090 Extra"]
[Source "ChessBase"]
[SourceDate "2002.11.07"]
[SourceVersion "1"]
[SourceVersionDate "2002.11.07"]
[SourceQuality "1"]

1. e4 e5 2. Nf3 Nc6 3. Bb5 a6 4. Ba4 Nf6 5. O-O b5 6. Bb3 Nxe4 7. d4 d5 8. dxe5
Be6 9. Nbd2 {Last time when I played 9.Nbd2 was against Kotronias in Debrecen
ten years ago. After I switched to 9.Be3 and had good statistics there. Still
one can not play the same line whole the life.} Nc5 10. c3 Be7 (10... d4 11.
Ng5 $1 {is considered nowadays as better for White.}) 11. Bc2 d4 12. Ne4 {
I was not afraid of going to this ending even we desperately needed to win
with the 3,5 to 0,5 point score. Ones you play the Open Variation in the Ruy
Lopez white has to be ready to show some tecnics in the ending.} (12. Nb3 {
was also possible}) 12... d3 13. Nxc5 dxc2 14. Qxd8+ Rxd8 15. Nxe6 fxe6 16. Be3
Rd5 17. c4 $5 {It's understandable white's desire to spoil black's pawn's
structure but the minus of this move that black get's some tempos to create
conterthreats.} bxc4 18. Rac1 {Moving the other rook permits black to get rid
of his weak pawn on c4 in exchange spoiling white's pawn structure.} (18. Rfc1
c3 $1 19. Rxc2 cxb2 20. Rxb2 O-O 21. Rc2 Rfd8 22. Kf1 Nxe5 23. Nxe5 Rxe5 24.
Rxc7 Bf6 $11) 18... Nxe5 $1 {A novelty which deserves the exclamation mark
mostly thanks to the analysis I made after the game. While playing I was also
considering} (18... Bc5 19. Rxc2 Bxe3 20. fxe3 Nxe5 (20... Rc5 {Was even played
} 21. Ng5 Nd8 22. Rd2 Rd5 23. Rfd1 Rxd2 24. Rxd2 c3 25. bxc3 Ke7 26. Rd4 Nc6
27. Rf4 Nxe5 28. Re4 Kf6 29. Rxe5 $1 {Xie J.(2557) - Qin K.(2489), New Delhi
2000 Ch World FIDE (KO-system) (w)}) 21. Nxe5 Rxe5 22. Rxc4 c5 23. Ra4 (23. b4
Ke7 24. bxc5 Rc8 25. c6 Rxe3 {=}) 23... Rf8 24. Rxa6 Rxf1+ 25. Kxf1 Rxe3 26.
Ra7 Kf8 27. Rc7 $16 {with a very pleasant ending for White.}) 19. Nxe5 Rxe5 20.
Rxc2 Re4 $6 {It's difficult to explain why Korneev had chosen this move. Maybe,
he was afraid of the penetration of the white rook to the seventh rank in} (
20... Rb5 $1 21. Rxc4 (21. Rb1 Rb4 22. a3 (22. Bd2 Ra4 23. b3 (23. a3 Kf7 24.
Bc3 Rb8 25. Rd1 Bf6 26. Bxf6 Kxf6 {=}) 23... cxb3 24. axb3 Rd4 25. Bc3 Rg4 26.
h3 Rg5) 22... Rb7 23. Rxc4 Bxa3 {=}) 21... Rxb2 22. Rxc7 {line. Who knows. It
looks dangerous for Black but he can hold.} Kf7 23. Rd1 (23. Bd4 Rxa2 24. Bxg7
Kxg7 25. Rxe7+ Kf6 26. Rc7 h5 {=}) (23. a3 Ra2 (23... Rhb8 24. Ra7 a5 25. Rxa5
e5 26. a4 $16) 24. Bc5 Re8 25. Ra7 a5 26. Bxe7 Rxe7 27. Rxa5 Rc7 {=}) 23... Re8
(23... Rxa2 24. h4 Re8 25. Rdd7 $18) 24. h4 (24. Bg5 Kf8) 24... Kg6 25. Rdd7 (
25. Bg5 Bxg5 26. hxg5 Rg8 27. Rd6 Rxa2 28. Rxe6+ Kh5) 25... Bf6 26. g4 h6 27.
h5+ Kh7 28. g5 (28. Rf7 Be5 29. Rc5 Bf6 30. Ra5 Rb4 31. f3 Rd8) 28... hxg5 29.
Bxg5 Rf8 30. f4 Rb1+ 31. Kg2 Ba1 32. h6 Kg6 33. hxg7 Rg8 34. Rc6 Bxg7 35. Rxe6+
Kf5 36. Rxa6 Rc8 37. Rd2 Rc3 38. Ra7 Bd4 $1) 21. Rfc1 $14 Kd7 (21... Bf6 22.
Rxc4 Rxc4 23. Rxc4 Bxb2 24. Rxc7 O-O 25. Kf1 $16) 22. Rxc4 Rxc4 23. Rxc4 {
So White has got a better pawn structure and can start torturing Black. If
Black will seat and wait of course. Unfortunately those times when the
opponents didn't oppose any resistence had left. Now I had seating opposite an
young, strong, experienced full of energy almost 26 hundreds Elo rating
Russian grandmaster. Why should he resign?} Rb8 $1 {Yes he also knows very
well that he will manage to swap the rooks then the position will become dead
draw. At the same time the first rank is weakened and white has to take it
into considerations too.} 24. Bd4 $1 {After} (24. b3 Rb4 25. Rc2 a5 26. Bd2 Rd4
27. Kf1 a4 $11 {there will be nothing left from White's advantage.}) 24... g6 {
I mainly considered} (24... Bf6 25. b3 (25. Kf1 c5 26. Bxf6 gxf6 27. b3 $14)
25... Rb5 26. Be3 Ra5 27. Rc2 $14 {and White holds the status quo which until
the king gets into the play is favorable for him.}) 25. Bc3 (25. b3 Rb4 {=})
25... a5 {Now White can come times start thinking of changing the rooks. The
a5-pawn will provide Black in the eventual ending tremendous headaches.} 26.
Kf1 (26. a4 Ba3 {!}) 26... Bb4 27. Bd4 (27. b3 {b3 was also possible but white
can get more from this situation.} Bxc3 28. Rxc3 Rb5 $14) 27... Rb5 28. Ke2 Bd6
29. a4 $1 {An important moment. As the pawns are not alowed to go back it's
always hard to take a decision on it, especialy in endings. At least here I
was sure. Only one thing I had to consider - the arising bishop ending after
Rb4.} (29. Bc3 Be5 30. a4 Rd5 $14) 29... Rd5 {The bishop ending seems to be
lost for Black.} (29... Rb4 30. Rxb4 Bxb4 (30... axb4 31. Kd3 Kc6 32. Kc4 Bxh2
33. Kxb4 Bd6+ 34. Kc4 Kb7 35. Bc5 Be5 36. b4 c6 37. b5 cxb5+ 38. Kxb5 h5 39. a5
g5 40. a6+ Ka8 41. f3 g4 42. fxg4 hxg4 43. Kc6 Bb2 44. Kd6 e5 45. Kd5 $18) 31.
Kd3 c5 (31... Kd6 {!?} 32. Kc4 c5 33. Bc3 Bxc3 34. bxc3 Kc6 35. f4 Kb6 36. Kd3
Kc6 37. Ke4 Kd6 38. g4 Kd7 39. Ke5 Ke7 40. c4 $18) 32. Bc3 {!} (32. Be3 Kc6 33.
Kc4 Kb6 34. f3 Kc6 35. Bf2 Kb6 $1) 32... Bxc3 (32... Kc6 33. Bxb4 cxb4 34. Kc4
g5 35. g4 $18) 33. Kxc3 Kc6 34. Kc4 g5 35. g4 (35. h3 h6) 35... h6 36. h3 Kb6
37. Kd3 Kc6 38. Ke4 Kd6 39. f4 gxf4 40. Kxf4 Kd5 41. h4 Kd4 42. g5 $18) (29...
Rb8 {!?} 30. Bc3 $16) 30. b3 h5 {Also very consequent besides the fact that
Black puts his pawns on the right white squares he also gets control on the
g4-square.} (30... Bxh2 {?} 31. g3 Rf5 32. Rc1 Rd5 33. Be3 Rh5 34. Rh1 $18) 31.
h3 Bb4 32. Be3 c5 33. Rf4 Ke7 34. Rf3 Bc3 (34... g5 35. g4 (35. h4 g4 36. Rf4
Ba3 37. Re4 Bb4 38. Bf4 Kd7 $14) 35... hxg4 36. hxg4 $16) 35. Bc1 Re5+ 36. Kd3
(36. Re3 Kd6 37. Kd3 Be1 38. Rxe5 Kxe5 39. Kc4 Bxf2 40. Bd2 Kd6 41. Bxa5 Kc6
42. Bc3 Bg3 43. b4 cxb4 44. Bxb4 Kb6 45. Kd4 Kc6 46. Ke4 Bb8 47. Bd2 Bc7 48.
Bf4 Ba5 49. Bb8 Bc3 50. Kf4 Bf6 {=}) 36... Bb4 37. Be3 $6 {This natural move
seems to easy considerably Black's life. Also wouldn't help} (37. Bb2 Re1 (
37... Rf5 38. Rxf5 gxf5 (38... exf5 39. Kc4 Kd6 40. Kb5) 39. Be5 Kd7 40. f3 Kc6
41. Kc4 Be1 42. g4 fxg4 43. fxg4 hxg4 44. hxg4 $18) 38. Kc4 Rg1 39. Bf6+ Ke8
40. Rg3 Rf1 41. Be5 Rxf2 42. Rxg6 Re2 43. Rg5 h4 44. Kb5 Re3 45. Kc6 Kf7) ({But
} 37. Rg3 $1 Rd5+ (37... Kf7 38. Be3) 38. Kc4 Kf6 (38... Rd4+ 39. Kb5 Rd5 40.
Bg5+ Kf7 41. Rf3+ Kg7 42. h4 $16) 39. Rd3 $16 {would keep the advantage.})
37... Rd5+ 38. Kc4 (38. Ke4 Bd2) 38... g5 $1 {The threat was h4, Bg5, Rf6 etc.}
(38... Re5 39. h4 $16) 39. g4 (39. Rg3 Kf6 40. Kb5 Re5 41. Kc6 Rd5) 39... hxg4
40. hxg4 Re5 41. Kd3 (41. Kb5 Rd5 42. Rh3 Kf6 43. Rh6+ Kf7 44. Rh5 Kf6 45. Rh1
Rd3 46. Rb1 Rd5 47. Rc1 Rd3 48. Kc4 Rd5 49. Rh1 Re5 $14) 41... Rd5+ 42. Ke2 (
42. Ke4 Bd2 $14) 42... Ba3 $2 (42... Re5 $8 {already was the only move but I
couldn't anything substantial for White after it.} 43. Rh3 Kf7 {!} (43... Rd5
44. Rh1 (44. Bc1 Re5+ 45. Re3 Rd5 46. Rd3 Re5+ 47. Kf3 $16) 44... Ba3 45. Rd1
Kf6 (45... Re5 46. Kf3 Bb4 47. Bc1 {!} Bc3 48. Rd3 Bb4 49. Kg3 Kf7) 46. Rd3 Kg6
47. Bd2 Bb4 48. Bc1 $16) 44. Kd3 Rd5+ 45. Ke4 Bd2 46. Rh7+ Kf6 47. Ra7 Bc3 48.
Ra6 Kf7 49. Rc6 Bb4 50. Rc7+ Kf6 51. f3 Ba3 52. Rb7 Rd1 53. Rb5 Re1 54. Kd3 Rf1
55. Ke2 Rb1 56. Bxc5 Rb2+ 57. Kd3 Bxc5 58. Rxc5 Rxb3+ 59. Ke2 Rb4 60. Rxa5 Rb2+
61. Ke3 Rb3+ 62. Kf2 Rb2+ 63. Kg3 Ra2 {=}) 43. Bd2 Bb4 44. Bc1 Re5+ 45. Re3 Rd5
46. Rd3 Kf6 $6 {This is loosing immediately but even after the best} (46...
Re5+ 47. Kf3 Kf7 48. Rd8 Ke7 (48... Kg6 49. Rg8+ Kh6 50. Be3 Bc3 51. Ke2 Bd4
52. Kd3 Bxe3 53. fxe3 Rd5+ 54. Ke4 Rd6 55. Rb8 Rc6 56. Kd3 $18) 49. Rg8 Rd5 50.
Rg7+ (50. Ke2 Kf6 51. Be3 Bc3 52. Rc8 Bb4 $14) 50... Kf8 51. Rc7 Rd3+ 52. Ke4
Rxb3 53. Bxg5 $16 {White has a strong attack.}) 47. Bb2+ Ke7 48. f3 {the
original plan was} (48. Ke3 {followed by Ke4 forcing Black to go to lost
bishop ending but I didn't want to give the opportunity to exchange bishops
after} Be1 (48... Kd6 49. Bf6 Ba3 50. Ke2 $18) 49. f3 Bf2+ (49... Bg3 50. Ke4
Kd6 51. Bc3 Kc6 52. Rxd5 exd5+ 53. Kd3 Bc7 54. Bf6 Bf4 55. Bd8 $18) 50. Ke4 Bd4
51. Bxd4 cxd4 52. Rxd4 Rc5 53. Rc4 Rd5 $16) 48... c4 $8 (48... Kf7 49. Ke3 Ke7
50. Ke4) 49. bxc4 Rc5 50. Rd4 Rc8 51. Bc1 Kf6 52. Kd3 Rh8 53. Rd7 (53. Be3 Rh1
54. Re4 Rd1+ 55. Kc2 Rf1 $16) 53... Rh1 54. Bb2+ Kg6 (54... e5 55. Rc7 (55. Rd5
Re1 56. c5 (56. Rb5 Ke6) (56. Bc3 Bxc3 57. Kxc3 Rf1) 56... Ke6 57. Rd6+ Ke7 58.
Rg6 Bxc5 59. Rxg5 Re3+ 60. Kc4 Bd6 61. Rh5 Rxf3 62. Bxe5 Bb4 63. Rh7+ Ke6 $16)
55... Rd1+ 56. Ke3 Re1+ 57. Kf2 Kg6 (57... Ke6 58. Rc5 $1) 58. Rc8 $16 e4 59.
Bd4 Rd1 60. Rc6+ Kf7 61. Be3 exf3 62. Kxf3 Ra1 63. Bxg5 Rxa4 64. Ke4 Ra2 65.
Bf4 a4 66. g5 Rg2 67. Kf3 Rg1 68. Be3 Rf1+ 69. Kg4 a3 (69... Bc3 70. Ra6 Re1
71. Kf4) 70. g6+ Kf8 71. Bd4 $18) 55. Kc2 {Of course the position is won but
it requires some precise play too.} (55. Rg7+ Kh6 56. Rg8 Rd1+ 57. Ke3 Rd2 58.
Bf6 Ra2 59. Re8 Kg6 60. Rxe6 Rxa4 61. Ra6 $18 {was also possible}) 55... Re1
56. Rd3 e5 (56... Re2+ 57. Kb3 e5 58. Bc3 Bxc3 59. Kxc3 Re1 60. Kd2 Ra1 61. c5
Ra2+ (61... Rxa4 62. c6 Rc4 63. Rc3 Rd4+ 64. Ke3 Rd8 65. c7 Rc8 66. Ke4 Kf7 67.
Kd5 $18) 62. Kc3 Ra1 63. Kc2 $18) 57. Bc3 {!} Bxc3 58. Rxc3 Kf6 59. c5 Ke7 60.
c6 Kd8 61. c7+ Kc8 62. Kd2 Ra1 63. Rc4 $18 Ra2+ 64. Ke3 Ra1 65. Ke4 Ra3 66. Kf5
Rxf3+ 67. Kxg5 Rb3 68. Rc5 e4 69. Rxa5 e3 70. Re5 Kxc7 71. Kf5 Kd6 72. g5 Rc3
73. Re6+ Kd7 74. Re4 Rc5+ 75. Kf6 {'time' Here we got into terrible time
trouble during which I even made an impossible move but Korneev didn't claim
anything and already in the very last moment when I saw on his clock only one
second left vs mine 2 I made a loosing the win move but I won by time...} 1-0

[Event "Prague"]
[Site "Prague"]
[Date "1993.??.??"]
[Round "7"]
[White "Gofshtein, Leonid D"]
[Black "Hracek, Zbynek"]
[Result "0-1"]
[WhiteElo "2540"]
[BlackElo "2510"]
[Annotator "Bulletin"]
[PlyCount "64"]
[EventDate "1993.09.??"]
[EventType "tourn"]
[EventRounds "9"]
[EventCountry "CZE"]
[EventCategory "10"]
[SourceTitle "CBM 037"]
[Source "ChessBase"]
[SourceDate "1993.12.01"]
[SourceVersion "1"]
[SourceVersionDate "1993.12.01"]
[SourceQuality "1"]

1. e4 e5 2. Nf3 Nc6 3. Bb5 a6 4. Ba4 Nf6 5. O-O Nxe4 6. d4 b5 7. Bb3 d5 8. dxe5
Be6 9. Be3 Be7 10. c3 Qd7 11. Nbd2 Nc5 12. Bc2 Bg4 13. Qb1 Bh5 14. a4 b4 15.
Bxc5 $6 Bxc5 16. Nb3 Bxf3 17. gxf3 (17. Nxc5 Qg4 18. g3 Qh3) 17... Nxe5 $1 (
17... Be7 18. Bf5 Qd8 19. f4) 18. Qd1 (18. Nxc5 Nxf3+ 19. Kg2 Qg4+ 20. Kh1 Qh3
21. Re1+ Kf8 22. Nd7+ Kg8 (22... Qxd7 23. Bf5 Qd6 $19) 23. Nf6+ gxf6 24. Rg1+
Nxg1 25. Qxg1+ Kf8 $17) (18. Re1 Bd6 19. cxb4 O-O 20. Bxh7+ Kh8 21. Nd4 g6)
18... Be7 19. Re1 Ng6 20. Nc5 Qc6 21. cxb4 O-O 22. Rc1 Bg5 23. Rb1 Bf4 24. Kh1
a5 25. Qd4 (25. Bxg6 hxg6 (25... Qxg6 26. Nd3 Bd6 27. bxa5 Qh5 28. f4 Qxd1 29.
Rexd1 Rxa5 30. b3 Re8 31. Re1) 26. Nd3 Bd6) 25... axb4 26. Bb3 Rad8 27. Nd3 Qd6
28. h3 Bg5 29. Bc2 $6 c5 $5 (29... Be7) 30. Qxc5 $2 (30. Nxc5 Bf6 (30... Nf4
31. Bf5) (30... Rc8 31. Bxg6 Rxc5 (31... hxg6 32. Nd3 Rc4 33. Qe5 Qd7) (31...
Qxg6 32. Qxd5 Rfd8) 32. Bf5 Rc4 33. Qe5) (30... Qf4 31. Qxf4 Nxf4 32. Nd3 (32.
Bf5 g6 33. Rg1 h6) 32... b3 $1) 31. Qxb4 Nh4 (31... Rc8 32. Bxg6 Rxc5 33. Bd3
d4 $13) (31... Ne5 32. Kg2 Rc8 (32... Rb8 33. Qa3) (32... Be7) 33. Nd3 Qxb4 34.
Nxb4 Rc4 35. Nd3) 32. Bd1 Rc8 33. Nd3 Qd7 34. Qg4 $16) 30... Qd7 31. Qd4 (31.
Re2 Qxh3+ 32. Kg1 Bf4 $19) 31... Qxh3+ 32. Kg1 Nh4 0-1

[Event "Kazan FIDE GP (Women) 4th"]
[Site "Kazan"]
[Date "2012.06.15"]
[Round "5"]
[White "Kosintseva, Tatiana"]
[Black "Koneru, Humpy"]
[Result "1/2-1/2"]
[WhiteElo "2532"]
[BlackElo "2589"]
[Annotator "CB"]
[PlyCount "186"]
[EventDate "2012.06.09"]
[EventType "tourn"]
[EventRounds "11"]
[EventCountry "RUS"]
[EventCategory "11"]
[SourceTitle "CBM 149"]
[Source "ChessBase"]
[SourceDate "2012.07.17"]
[SourceVersion "1"]
[SourceVersionDate "2012.07.17"]
[SourceQuality "1"]

1. e4 e5 2. Nf3 Nc6 3. Bb5 a6 4. Ba4 Nf6 5. O-O Nxe4 6. d4 b5 7. Bb3 d5 8. dxe5
Be6 9. Be3 Be7 10. c3 O-O 11. Nbd2 Qd7 12. Re1 Rad8 13. Bc2 Bf5 14. Nxe4 Bxe4
15. Bxe4 dxe4 16. Qxd7 Rxd7 17. e6 fxe6 18. Nd2 Ne5 19. Nxe4 Nc4 20. b3 Nxe3
21. Rxe3 Rfd8 22. Kf1 Rd1+ 23. Re1 R1d5 24. Rac1 R5d7 25. f3 Kf7 26. Ke2 Ke8
27. Rc2 a5 28. c4 c6 29. cxb5 cxb5 30. Rc6 Kf7 31. Rec1 a4 32. Ra6 axb3 33.
axb3 h6 34. Rcc6 Rd3 35. Rc7 R8d7 36. Rxd7 Rxd7 37. Ra5 b4 38. Nd2 Bf6 39. Rb5
Bc3 40. Nc4 Kf6 41. Ra5 g5 42. Ra6 h5 43. h3 g4 44. hxg4 hxg4 45. fxg4 Rd4 46.
g5+ Kxg5 47. Rxe6 Rh4 48. Nd6 Rd4 49. Nc4 Rh4 50. Ne3 Rh1 51. Kd3 Rb1 52. Kc4
Re1 53. Re7 Rc1 54. Re8 Be1+ 55. Kd3 Rc3+ 56. Ke2 Bh4 57. Rg8+ Kh6 58. Rh8+ $2
Kg5 59. Rg8+ Kh6 60. Nf5+ Kh7 61. Rg7+ Kh8 62. Rg4 Bf6 63. Rxb4 Kh7 64. Ne3 Bg5
65. Nd5 Rg3 66. Kf2 Rd3 67. Rb5 Kg6 68. b4 Rd2+ 69. Kf3 Rd3+ 70. Kg4 Rd4+ 71.
Kh3 Rh4+ 72. Kg3 Rd4 73. Rc5 Bh6 74. b5 Bf8 75. Rc6+ Kg5 76. Ne3 Rb4 77. b6 Rb5
78. Kf3 Bc5 79. Nc4 Rb3+ 80. Ke4 Bg1 81. Re6 Rb4 82. Kd3 Kf5 {White is winning,
and has been for a while. But now the Russian GM falters:} 83. Re1 $2 Bxb6 84.
Kc3 Rb5 85. Nd6+ Kg5 86. Re6 ({White probably missed} 86. Nxb5 Ba5+ {on move
83.}) 86... Rb1 {Now the game is an easy draw.} 87. Nc4 Bc7 88. Kd3 Rg1 89. Re2
Bf4 90. Ke4 Kg4 91. Nb6 Kg3 92. Nd5 Rxg2 93. Nxf4 Rxe2+ 1/2-1/2

[Event "Ciocaltea Memorial"]
[Site "Bucharest"]
[Date "1993.??.??"]
[Round "?"]
[White "Timoshenko, Georgy"]
[Black "Marin, Mihail"]
[Result "1/2-1/2"]
[WhiteElo "2515"]
[BlackElo "2515"]
[Annotator "Chekhov,V"]
[PlyCount "65"]
[EventDate "1993.02.??"]
[EventType "tourn"]
[EventRounds "15"]
[EventCountry "ROU"]
[EventCategory "10"]
[SourceTitle "CBM 034"]
[Source "ChessBase"]
[SourceDate "1993.06.01"]
[SourceVersion "1"]
[SourceVersionDate "1993.06.01"]
[SourceQuality "1"]

1. e4 e5 2. Nf3 Nc6 3. Bb5 a6 4. Ba4 Nf6 5. O-O Nxe4 6. d4 b5 7. Bb3 d5 8. dxe5
Be6 9. Be3 (9. c3 $5) (9. Nbd2 $5) (9. Qe2 $5) 9... Be7 (9... Nc5 $6 10. Nc3 $1
Nxb3 11. cxb3 (11. axb3 Be7 12. h3 Nb4 13. Ne2 c5 14. c3 Nc6 15. Nf4 O-O 16.
Re1 Qd7 17. Re2 Rfd8 18. Rd2 Qb7 $1 19. Nxd5 Bxd5 20. Rxd5 Nxe5 $15 {
Filipenko-Chekhov/SSSR/1982/}) 11... Be7 12. Rc1 Qd7 13. Qd2 O-O 14. Rfd1 Rad8
15. Bg5 d4 16. Ne4 Bd5 17. Qf4 $14 {Winsnes-Krasenkov/Stockholm/1989/}) 10. c3
(10. Nbd2 Nc5 11. Nd4 (11. c3 $2 Nd3 $1) 11... Nxd4 (11... Nxe5 $5) 12. Bxd4
Qd7 13. c3 Na4 14. Rb1 c5 15. Be3 O-O 16. Nf3 Rad8 $10 {Cseshkovsky-Balashov/
SSSR/1980/}) 10... Qd7 (10... O-O $5) 11. Nbd2 Rd8 12. Re1 (12. Nxe4 $6 dxe4
13. Qxd7+ Bxd7 14. e6 Bxe6 15. Ng5 Bxb3 16. axb3 Bxg5 17. Bxg5 Rd5 18. Bf4 Kd7
19. Rxa6 Re8 20. Rc1 $1 {Dvoirys-Krasenkov/Katowice/1992/}) 12... O-O 13. a4 $5
$146 (13. Bc2 f5 $5 (13... Nxd2 14. Qxd2 Bf5 15. Rad1 Rfe8 16. h3 {
Dolmatov-Yusupov/Wijk aan Zee (m/5)/1991/} Qe6 $5 17. Nd4 $5 Nxd4 18. cxd4 c5
19. Bxf5 Qxf5 20. dxc5 Qxe5 21. Bd4 Qc7 22. Qc3 Bf8 $14) (13... Bf5 $5 14. Nxe4
Bxe4 15. Bxe4 dxe4 16. Qxd7 Rxd7 17. e6 fxe6 18. Nd2 Ne5 19. Nxe4 Nd3 20. Re2
$14 {Dolmatov-Yusupov/Wijk aan Zee (m/1)/1991/}) 14. exf6 Nxf6 15. Qb1 $1 (15.
Ng5 Bf5 16. Bxf5 Qxf5 $10) 15... h6 16. Nh4 Ne5 (16... Ng4 17. Bh7+ Kh8 18.
Ng6+ $18) (16... Bd6 17. Ndf3 $14) 17. Nb3 Nfg4 18. Nc5 Qc8 19. Nxe6 Qxe6 20.
Bh7+ Kh8 {Georgiev,Kir-Ivanchuk/Manila ol/1992/}) 13... b4 (13... Nxd2 $6 14.
Qxd2 Na5 15. Bc2 Nc4 16. Qd3 g6 17. Bc1 $14) 14. Nxe4 dxe4 15. Qxd7 Bxd7 16.
Nd2 Nxe5 17. Nxe4 Nd3 18. Re2 Bf5 19. Ng3 Bg6 20. Bc4 (20. f4 $6 Nc5 21. Bc4
Bd3 22. Bxd3 Nxd3 $132) 20... bxc3 21. bxc3 Bf6 22. f4 Bxc3 23. Ra3 Bb4 24. Rb3
a5 25. f5 Nc1 $1 26. fxg6 (26. Bxc1 Rd1+ 27. Kf2 (27. Nf1 Rxc1) 27... Rxc1 28.
Bd3 (28. Bd5 c6 29. Be4 h5 $1) 28... h5 $1 29. fxg6 Bc5+ 30. Kf3 fxg6+ 31. Ke4
h4 $17) 26... Nxe2+ 27. Nxe2 Rd1+ (27... hxg6 28. Nc3 $14) 28. Kf2 hxg6 29. Nc1
$6 (29. Nf4 $5) 29... Bd2 $1 30. Ne2 (30. Nd3 $5 Bxe3+ (30... Re8 31. Ke2 $18)
31. Kxe3 Re8+ 32. Kd4 $132) 30... Re8 31. Bc5 $6 (31. Bb5 Re6 (31... Bxe3+ 32.
Rxe3 Rxe3 33. Kxe3 {/\Nd4, Nc6}) 32. Bxd2 Rxd2 33. Rc3 c6 $1 34. Bc4 $13) 31...
Re5 32. Ba7 (32. Bd4 $5) 32... Be1+ 33. Kf3 {33...Bd6!?} 1/2-1/2